| 000 | 01027nam a22002177a 4500 | ||
|---|---|---|---|
| 999 |
_c8770 _d8770 |
||
| 003 | AR-CdUCM | ||
| 008 | 190325b ||||| |||| 00| 0 spa d | ||
| 040 |
_aMUNICIPALIDAD PROVINCIAL DEL CUSCO _cBIBLIOTECA MUNICIPAL DEL CUSCO |
||
| 082 |
_a373.224985 / _bG67 |
||
| 100 |
_a Gonzales Maruri, Nazario _924464 |
||
| 245 |
_aEl gloriosos colegio nacional de Ciencias del Cusco : _bhistoria, cultura y tradición cienciana / |
||
| 260 |
_aCusco : _bHecho en casa S.C., _c2017. |
||
| 300 |
_a183 páginas ; _bfotografías ; _c21 cm. |
||
| 505 | _aContenido: Los Petroglífos de a Caldera -- Max Uhle y el Estilo o Cultura Juli -- El descubrimiento de Monseñor, Leonidad Bernedo Malaga -- El Nacimiento del Museo de la UNSA -- Dos Acontecimientos Arqueológicos -- La expedición peruano Alemana... | ||
| 650 |
_aHistoria - Colegio Ciencias _924465 |
||
| 650 |
_aTradiciones - Colegios _924466 |
||
| 650 |
_aColegios del Cusco _924467 |
||
| 700 |
_aGonzales Pichihua, Markoni _924468 |
||
| 942 |
_2ddc _cLIBROS |
||
| 945 | _alccs | ||